| 000 | 00565nam a2200181Ia 4500 | ||
|---|---|---|---|
| 008 | 240729s9999 xx 000 0 und d | ||
| 022 | _a2645-3312 | ||
| 245 | 0 | _aJournal of Petroleum Science and Technology | |
| 260 | _aIran, Islamic Republic of | ||
| 260 | _bReaserch Institute of Petroleum Industry | ||
| 650 | _a Chemical technology | ||
| 650 | _a Oils, fats, and waxes | ||
| 650 | _a Petroleum refining. Petroleum products | ||
| 650 | _aTechnology | ||
| 856 | _uhttps://doaj.org/toc/e57b1b59c11744fb96c714749721d306 | ||
| 942 | _2ddc | ||
| 942 | _cDOAJEJ | ||
| 999 |
_c71307 _d71307 |
||
| 945 |
_a1 _bMadushi Gamage _c1 _dMadushi Gamage |
||